000 01125nam a2200337 c 4500
999 _c67893
_d67893
003 BLK
005 20241003135148.0
008 180408b bul|||||r ||||||| ||bul||
010 _aKNG00072207000
020 _a954-8307-72-3
040 _aBLK
041 _aBUL
_cBUL
072 7 _2bullib
_aРА
_xРусенски автори
080 _aБългарска литература
_b821.163.2
_x-32
_z821.163.2-32
100 1 _aНиколов, Венцеслав Михайлов
_d1943-
_eпърви автор
_9102597
139 _aНиколов, Венцеслав Михайлов
_bН 74
245 1 0 _aКапричии
_cВенцеслав Михайлов Николов.
257 _aBGR
260 _bДими-99
_c2006
_fСофия : Звездан
300 _a144 с.
_c19 см
380 _aX
852 _aЦб 231863
852 _aК 821.163.2/Н 74 В
856 4 _qpdf
856 4 _qpdf
942 _cKNG
_n0
_s1
944 _aCR
_c26.02.2007
_lГеновева Генчева
_k30560
944 _aED
_c04.05.2015
_lф /
_kЛюдмила_Стоянова
999 _d67893
999 _d67893